[Event "Régionale 1"]
[Site "?"]
[Date "2007.12.16"]
[Round "4.3"]
[White "Vainguer, Guillaume"]
[Black "Brauckmann, Hartwich"]
[Result "1-0"]
[WhiteElo "1800"]
[BlackElo "1700"]
[EventDate "2007.12.16"]
[PlyCount "89"]
[WhiteTeam "Moissac-Castelsarrasin"]
[BlackTeam "CEIT"]

1.d4 c6 2.e4 d5 3.e5 Bf5 4.c4 dxc4 5.Bxc4 e6 6.a3 Ne7 7.Ne2 Nd7 8.O-O Nb6 
9.Bb3 Ned5 10.Nbc3 Be7 11.Ng3 Nxc3 12.bxc3 Bg6 13.f4 Qd7 14.a4 c5 15.Bb2 
h5 16.Qf3 a5 17.f5 exf5 18.Nxf5 Bxf5 19.Qxf5 Qxf5 20.Rxf5 c4 21.Bc2 g6 22.
Rf3 Rf8 23.Be4 Rb8 24.Ba3 Nc8 25.d5 Bxa3 26.Rxa3 b5 27.d6 b4 28.Bc6+ Kd8 
29.Ra1 b3 30.Bd5 Nb6 31.Rxf7 Rxf7 32.Bxf7 b2 33.Rb1 Nxa4 34.e6 Nxc3 35.
Rxb2 Rxb2 36.e7+ Kd7 37.e8=Q+ Kxd6 38.Qe6+ Kc5 39.Qxc4+ Kb6 40.Qxc3 Rb1+ 
41.Kf2 Rb4 42.Qxb4+ axb4 43.Bxg6 b3 44.Bxh5 b2 45.Bg6 1-0

[Event "Régionale 1"]
[Site "?"]
[Date "2007.12.16"]
[Round "4.2"]
[White "Muneret, Maurice"]
[Black "Rivière, Frédéric"]
[Result "1/2-1/2"]
[WhiteElo "1736"]
[BlackElo "1848"]
[EventDate "2007.12.16"]
[PlyCount "77"]
[WhiteTeam "CEIT"]
[BlackTeam "Moissac-Castelsarrasin"]

1.Nf3 d5 2.d4 c5 3.c4 cxd4 4.Qxd4 Nf6 5.cxd5 Qxd5 6.Nc3 Qa5 7.e3 e6 8.Be2 
Nc6 9.Qd1 Bb4 10.Bd2 O-O 11.O-O Rd8 12.Qc2 e5 13.a3 Be7 14.Ne4 Qb6 15.Bc3 
Qc7 16.Rac1 Nxe4 17.Qxe4 Bf6 18.h3 Qe7 19.Nh2 g6 20.Bg4 h5 21.Bxc8 Raxc8 
22.Nf3 Re8 23.Rfd1 Rcd8 24.Qc4 e4 25.Bxf6 Qxf6 26.Rxd8 Qxd8 27.Nd4 Ne5 28.
Qc7 Qe7 29.Qxe7 Rxe7 30.Kf1 f5 31.Ke2 Kf7 32.Rc2 a6 33.Rc8 Nd3 34.Rc2 Rd7 
35.b4 Ne5 36.Rc3 Kf6 37.f4 exf3+ 38.Nxf3 Nxf3 39.Kxf3 1/2-1/2

[Event "Régionale 1"]
[Site "?"]
[Date "2007.12.16"]
[Round "4.1"]
[White "Ramahef, Eric"]
[Black "Bedel, Jean"]
[Result "1-0"]
[WhiteElo "2010"]
[BlackElo "1750"]
[EventDate "2007.12.16"]
[PlyCount "55"]
[WhiteTeam "Moissac-Castelsarrasin"]
[BlackTeam "CEIT"]

1.e4 c6 2.d4 d5 3.e5 Bf5 4.h3 h6 5.g4 Be4 6.f3 Bg6 7.Bd3 Bxd3 8.Qxd3 e6 9.
Be3 Nd7 10.Nc3 a6 11.f4 c5 12.f5 Qb6 13.fxe6 Qxe6 14.O-O-O c4 15.Qf5 Qxf5 
16.gxf5 Nb6 17.a3 Be7 18.Nge2 h5 19.Rdg1 Kf8 20.Rg2 Nh6 21.Bxh6 Rxh6 22.
Rhg1 Bh4 23.Rxg7 Bf2 24.R1g2 Be3+ 25.Kb1 h4 26.Rg8+ Ke7 27.Rxa8 Nxa8 28.
Nxd5+ 1-0

[Event "Nationale 4"]
[Site "Tournefeuille"]
[Date "2007.12.16"]
[Round "3.7"]
[White "Moisselin-Stoll Simon"]
[Black "Flego Lionel"]
[Result "1/2-1/2"]
[WhiteElo "1640"]
[BlackElo "1499"]
[EventDate "2007.??.??"]
[PlyCount "89"]
[WhiteTeam "Tournefeuille"]
[BlackTeam "Albi"]
[TimeControl "240+2"]

{256MB, Fritz8.ctg, Fritz} 
1.e4 d6 2.d4 Nf6 3.Nc3 g6 4.Nf3 Bg7 5.Bf4 c5 6.dxc5 Qa5 7.Bb5+ Bd7 8.Bxd7+
Nbxd7 9.O-O Qxc5 10.Qd4 e5 11.Qxc5 Nxc5 12.Be3 Ncxe4 13.Nb5 O-O 14.Nxa7 
Nd5 15.Nb5 Nxe3 16.fxe3 Rac8 17.c3 Rfd8 18.Rfd1 d5 19.Nd2 Bh6 20.Nxe4 dxe4
21.Kf2 Rd3 22.Rxd3 exd3 23.Rd1 Rd8 24.Kf3 f5 25.b4 e4+ 26.Kf2 Bg7 27.Ke1 
Be5 28.g3 g5 29.Nd4 f4 30.gxf4 gxf4 31.exf4 Bxd4 32.cxd4 Rxd4 33.Kf2 Rxb4 
34.Ke3 Kf7 35.Rd2 Kf6 36.Rf2 Kf5 37.Rg2 h6 38.h4 Rc4 39.Rb2 Rc2 40.Rb5+ 
Kg4 41.Rxb7 d2 42.Rd7 Rxa2 43.Kxe4 Ra4+ 44.Ke3 Rxf4 45.Rxd2 1/2-1/2

[Event "Nationale 4"]
[Site "Tournefeuille"]
[Date "2007.12.16"]
[Round "3.6"]
[White "Adiba, Jean-Claude"]
[Black "Taravaud Evelyne"]
[Result "0-1"]
[WhiteElo "1650"]
[BlackElo "1670"]
[EventDate "2007.??.??"]
[PlyCount "113"]
[WhiteTeam "Albi"]
[BlackTeam "Tournefeuille"]
[TimeControl "240+2"]

{256MB, Fritz8.ctg, Fritz} 
1.c4 Nf6 2.Nc3 g6 3.g3 d5 4.cxd5 Nxd5 5.Bg2 c6 6.e3 Bg7 7.Nge2 Na6 8.O-O 
O-O 9.a3 Nc5 10.d4 Ne6 11.Qb3 Nb6 12.Rb1 Nc7 13.Qc2 Rb8 14.b3 Nbd5 15.e4 
Nxc3 16.Qxc3 Nb5 17.Qc2 Nxd4 18.Nxd4 Bxd4 19.Rd1 e5 20.Bb2 c5 21.Bc1 Qe7 
22.Bh6 Re8 23.h3 Be6 24.h4 Bg4 25.Rf1 b5 26.Kh2 c4 27.f3 cxb3 28.Qxb3 Be6 
29.Qb4 Bc5 30.Qa5 b4 31.axb4 Bxb4 32.Qxe5 f6 33.Qa1 a5 34.e5 f5 35.Bg5 Qf7
36.Rfd1 Rec8 37.Rbc1 Rxc1 38.Qxc1 Rc8 39.Rd8+ Rxd8 40.Bxd8 Qd7 41.Bf6 a4 
42.h5 a3 43.Qb1 Bf8 44.g4 a2 45.Qb2 Qa7 46.Qa1 Qf2 47.gxf5 gxf5 48.Qc1 Qa7
49.Qg5+ Bg7 50.Bxg7 Qxg7 51.Qd8+ Qf8 52.Qa5 Qe8 53.Qa6 Qxh5+ 54.Kg1 Qh6 
55.Qa8+ Qf8 56.Qa6 Qc8 57.Kh2 0-1

[Event "Nationale 4"]
[Site "Tournefeuille"]
[Date "2007.12.16"]
[Round "3.5"]
[White "Marni-Sandid, Tarik"]
[Black "Aurejac, Pierre"]
[Result "1/2-1/2"]
[WhiteElo "1602"]
[BlackElo "1600"]
[EventDate "2007.??.??"]
[PlyCount "87"]
[WhiteTeam "Tournefeuille"]
[BlackTeam "Albi"]
[TimeControl "240+2"]

{256MB, Fritz8.ctg, Fritz} 
1.e4 c6 2.d4 d5 3.c4 dxe4 4.Nc3 Nf6 5.h3 Bf5 6.Be3 h5 7.Qb3 Qc8 8.O-O-O e6
9.Nge2 Be7 10.g3 Nbd7 11.Bg2 a6 12.Nf4 e5 13.Nfe2 b5 14.c5 exd4 15.Bxd4 
Nxc5 16.Bxc5 Bxc5 17.g4 Be6 18.Qc2 hxg4 19.hxg4 Rxh1 20.Rxh1 Ke7 21.g5 Ng4
22.Nxe4 Bb6 23.Qc3 Qc7 24.Qxg7 Qe5 25.Qxe5 Nxe5 26.f4 Be3+ 27.Kc2 Ng6 28.
Rf1 Bg4 29.N4g3 Rd8 30.Rd1 Rxd1 31.Kxd1 Nxf4 32.Bxc6 Nxe2 33.Nxe2 Bxg5 34.
Bb7 a5 35.Ke1 Bxe2 36.Kxe2 Kd6 37.Kd3 Kc5 38.a3 f5 39.Bf3 Bc1 40.Kc2 Be3 
41.Kd3 f4 42.Ba8 Bd4 43.b4+ axb4 44.axb4+ 1/2-1/2

[Event "Nationale 4"]
[Site "Tournefeuille"]
[Date "2007.12.16"]
[Round "3.4"]
[White "Schegerin André"]
[Black "Pinault Maïlys"]
[Result "1/2-1/2"]
[WhiteElo "1830"]
[BlackElo "1720"]
[EventDate "2007.??.??"]
[PlyCount "60"]
[WhiteTeam "Albi"]
[BlackTeam "Tournefeuille"]
[TimeControl "240+2"]

{256MB, Fritz8.ctg, Fritz} 
1.f4 d5 2.Nf3 Nf6 3.d4 Bf5 4.e3 e6 5.c4 c6 6.b3 Ne4 7.Be2 Bb4+ 8.Bd2 Bxd2+
9.Nbxd2 Nc3 10.Qc1 Nxe2 11.Kxe2 Nd7 12.Qa3 Qf6 13.h3 Qg6 14.g4 Bd3+ 15.Kf2
Qf6 16.g5 Qe7 17.Qxe7+ Kxe7 18.Ne5 Nxe5 19.dxe5 dxc4 20.bxc4 Rhd8 21.Kf3 
Bc2 22.Rh2 Rd7 23.Rc1 Bg6 24.Nb3 Rad8 25.Nd4 c5 26.Nb5 Bh5+ 27.Ke4 Bg6+ 
28.Kf3 Bh5+ 29.Ke4 Bg6+ 30.Kf3 Bh5+ 1/2-1/2

[Event "Nationale 4"]
[Site "Tournefeuille"]
[Date "2007.12.16"]
[Round "3.3"]
[White "Tarayre, Pascal"]
[Black "Serres Olivier"]
[Result "1-0"]
[WhiteElo "1809"]
[BlackElo "1830"]
[EventDate "2007.??.??"]
[PlyCount "71"]
[WhiteTeam "Tournefeuille"]
[BlackTeam "Albi"]
[TimeControl "240+2"]

{256MB, Fritz8.ctg, Fritz} 
1.e4 d6 2.d4 Nf6 3.Nc3 g6 4.Nf3 Bg7 5.h3 c6 6.a4 b6 7.Bc4 d5 8.Bd3 dxe4 9.
Nxe4 Nxe4 10.Bxe4 Bb7 11.Bf4 f5 12.Bd3 Bxd4 13.Nxd4 Qxd4 14.Be3 Qd6 15.O-O
Nd7 16.a5 f4 17.Bd4 e5 18.Re1 c5 19.Bc3 f3 20.axb6 axb6 21.Bb5 Qxd1 22.
Rxa8+ Bxa8 23.Rxd1 O-O 24.Rxd7 Re8 25.Ra7 Rd8 26.Bc4+ Kf8 27.Bxe5 Rd1+ 28.
Kh2 Bc6 29.Bg7+ Ke8 30.Bf7+ Kd8 31.gxf3 Bxf3 32.Bf6+ Kc8 33.Be5 Rd2 34.
Be6+ Kd8 35.Bf6+ Ke8 36.Rxh7 1-0

[Event "Nationale 4"]
[Site "Tournefeuille"]
[Date "2007.12.16"]
[Round "3.2"]
[White "Hoareau, Nicolas"]
[Black "Garrel, Pascal"]
[Result "1-0"]
[WhiteElo "2010"]
[BlackElo "1772"]
[EventDate "2007.??.??"]
[PlyCount "115"]
[WhiteTeam "Albi"]
[BlackTeam "Tournefeuille"]
[TimeControl "240+2"]

{256MB, Fritz8.ctg, Fritz} 
1.d4 d6 2.e3 Nf6 3.Nf3 Nbd7 4.Nbd2 e5 5.Bd3 Be7 6.b3 c6 7.Bb2 Qc7 8.O-O 
O-O 9.c4 Re8 10.Qc2 exd4 11.exd4 Nf8 12.h3 d5 13.Ne5 Be6 14.f4 c5 15.f5 
Bd7 16.cxd5 Nxd5 17.Qc4 Bc6 18.Ne4 b5 19.Qc1 Nb4 20.Nxc5 Nxd3 21.Ncxd3 
Rac8 22.Nxc6 Qxc6 23.Qxc6 Rxc6 24.Rac1 Rec8 25.Rxc6 Rxc6 26.Rc1 Rxc1+ 27.
Bxc1 g6 28.g4 gxf5 29.gxf5 Kg7 30.Ne5 Bd6 31.Ng4 Nd7 32.Bh6+ Kg8 33.f6 Bc7
34.Kf2 Bd8 35.Bg5 h5 36.Nh6+ Kf8 37.Nf5 Bxf6 38.Be3 a6 39.Kf3 Nb6 40.Ke4 
Ke8 41.Bf2 Kd7 42.d5 Nc8 43.Bc5 Bc3 44.Ng3 Nd6+ 45.Kd3 h4 46.Bxd6 hxg3 47.
Bxg3 Ba5 48.Ke4 Ke7 49.Kf5 Kf8 50.h4 Bd8 51.h5 a5 52.Be5 a4 53.Bf6 Bc7 54.
h6 Kg8 55.Be7 Ba5 56.b4 Bb6 57.d6 Kh7 58.Bg5 1-0

[Event "Nationale 4"]
[Site "Tournefeuille"]
[Date "2007.12.16"]
[Round "3.1"]
[White "Jacquart Christian"]
[Black "Caron, Jean-Marie"]
[Result "1/2-1/2"]
[WhiteElo "1900"]
[BlackElo "1923"]
[EventDate "2007.??.??"]
[PlyCount "107"]
[WhiteTeam "Tournefeuille"]
[BlackTeam "Albi"]
[TimeControl "240+2"]

{256MB, Fritz8.ctg, Fritz} 
1.d4 Nf6 2.Nf3 d6 3.Bf4 g6 4.e3 Bg7 5.Bd3 O-O 6.O-O Nc6 7.Nbd2 Re8 8.c3 e5
9.Bg5 h6 10.Bxf6 Qxf6 11.d5 Nd8 12.Qc2 Qe7 13.e4 h5 14.Kh1 Bh6 15.Ng1 f6 
16.c4 b6 17.b4 Nb7 18.Ne2 Bd7 19.Nb3 a5 20.a3 Ra7 21.Qc3 axb4 22.axb4 Rea8
23.Rxa7 Rxa7 24.Ra1 Rxa1+ 25.Qxa1 Qd8 26.Qa7 Bc8 27.c5 dxc5 28.bxc5 Nxc5 
29.Nxc5 bxc5 30.Qxc5 Qd6 31.Qxd6 cxd6 32.Kg1 Bd2 33.Kf1 Bd7 34.Ng1 g5 35.
Ke2 Bc3 36.h3 Kf7 37.f3 Bd4 38.Kf1 Bxg1 39.Kxg1 h4 40.Kf2 Ke8 41.Ke3 Kd8 
42.Kd2 Kc7 43.Kc3 Kb6 44.Kb4 Kc7 45.Ka5 Be8 46.Bb5 Bf7 47.Bc4 Bg6 48.Bd3 
Kd8 49.Kb6 Ke7 50.Ka6 Bh7 51.Kb6 Bg8 52.Bc4 Bh7 53.Bd3 Bg8 54.Bc4 1/2-1/2

[Event "Régionale 1, Table 4"]
[Site "?"]
[Date "2008.03.16"]
[Round "6"]
[White "Dirat, Sylvain"]
[Black "Vuillat, Jack"]
[Result "0-1"]
[WhiteElo "1810"]
[BlackElo "1740"]

1.d4 d5 2.Bg5 h6 3.Bh4 Bf5 4.e3 c6 5.Nc3 Nd7 6.Nf3 Ngf6 7.Be2 e6 8.a3 Be7 
9.O-O b5 10.Ne5 Nxe5 11.dxe5 Ne4 12.Bxe7 Qxe7 13.Nxe4 Bxe4 14.Bd3 Bxd3 15.
cxd3 c5 16.Rc1 c4 17.dxc4 bxc4 18.Qa4+ Qd7 19.Qxd7+ Kxd7 20.Rfd1 Rab8 21.
Rc2 Kc6 22.Kf1 Rb3 23.Ke2 Rhb8 24.Rdd2 f5 25.exf6 gxf6 26.Kf3 Rg8 27.g3 h5
28.Rd4 e5 29.Rdd2 Kc5 30.Rc3 Rxc3 31.bxc3 Rb8 32.e4 d4 33.cxd4+ exd4 34.
Ke2 c3 35.Rc2 Kc4 36.f4 d3+ 37.Kd1 Kb3 38.e5 0-1

[Event "Régionale 1, Table 3"]
[Site "?"]
[Date "2008.03.16"]
[Round "6"]
[White "Jourda, Dominique"]
[Black "Rivière, Frédéric"]
[Result "0-1"]
[WhiteElo "1730"]
[BlackElo "1870"]

1.e4 c5 2.Nf3 Nc6 3.d4 cxd4 4.Nxd4 d6 5.Nc3 g6 6.Nb3 Bg7 7.Be3 Nf6 8.f3 
O-O 9.Bd3 d5 10.Ne2 dxe4 11.fxe4 Ng4 12.Bc1 Qb6 13.Rf1 Nxh2 14.Rf2 Ng4 15.
Rf1 Be6 16.Nf4 Ne3 17.Bxe3 Qxe3+ 18.Ne2 Bxb2 19.Rb1 Bc3+ 20.Nd2 Ne5 0-1

[Event "Régionale 1, Table 2"]
[Site "?"]
[Date "2008.03.16"]
[Round "6"]
[White "Bashaev, Sergeï"]
[Black "Gregory, Daniel"]
[Result "1/2-1/2"]
[WhiteElo "1899"]
[BlackElo "2069"]

1.e4 c5 2.Nf3 d6 3.Bb5+ Bd7 4.Bxd7+ Qxd7 5.Nc3 Nc6 6.O-O Nf6 7.d4 cxd4 8.
Nxd4 e6 9.Nxc6 Qxc6 10.Qe2 Be7 11.Qb5 Rc8 12.Qxc6+ Rxc6 13.Be3 a6 14.f3 
O-O 15.Rf2 Nd7 16.f4 Nb6 17.Bxb6 Rxb6 18.Rb1 Rc8 19.Rff1 Bf6 20.Rfc1 Rbc6 
21.Rd1 b5 22.Rd3 Be7 23.a3 Rc4 24.Rbd1 R8c5 25.g3 Rc8 26.Kg2 b4 27.axb4 
Rxb4 28.b3 Rb6 29.Rf1 Rbc6 30.Rff3 Bf6 31.Nd1 Rxc2+ 32.Nf2 Be7 33.Kh3 Re2 
34.Rde3 Rcc2 35.Rxe2 Rxe2 36.g4 Bf6 1/2-1/2

[Event "Régionale 1, Table 1"]
[Site "?"]
[Date "2008.03.16"]
[Round "6"]
[White "Ramahef, Eric"]
[Black "Bengueneb, Smain"]
[Result "1-0"]
[WhiteElo "2050"]
[BlackElo "1899"]

1.e4 e5 2.Nf3 d6 3.d4 Nd7 4.Bc4 Be7 5.O-O Bf6 6.c3 Nb6 7.Bb3 Bg4 8.Be3 
Bxf3 9.Qxf3 Qe7 10.Nd2 g5 11.a4 h5 12.a5 Nd7 13.Qe2 g4 14.Qb5 Rb8 15.dxe5 
Bxe5 16.Bxa7 c6 17.Qb4 Rc8 18.Qxb7 Qd8 19.Bb6 Qh4 20.Qxc8+ Ke7 21.Qd8# 1-0

[Event "Régionale 1, Castel/Moissac - Lardenne"]
[Site "?"]
[Date "2008.04.06"]
[Round "8"]
[White "RIVIERE Frédéric"]
[Black "REYNES Philippe"]
[Result "1/2-1/2"]
[WhiteElo "1862"]
[BlackElo "1810"]

1.e4 d5 2.exd5 Qxd5 3.Nc3 Qa5 4.Nf3 Nf6 5.d4 Bg4 6.Be2 e6 7.Bd2 c6 8.O-O 
Be7 9.a3 Nbd7 10.b4 Qd8 11.b5 c5 12.Bf4 cxd4 13.Qxd4 Rc8 14.Rfd1 Qb6 15.
Qd2 Qa5 16.Ne4 Qxd2 17.Nexd2 Nd5 18.Bg3 Nc3 19.Re1 Nxe2+ 20.Rxe2 Rxc2 21.
Re4 Bf5 22.Ra4 Bc5 23.Nb3 Bb6 24.Nbd4 Nc5 25.Nxc2 Nxa4 26.Ncd4 Be4 27.Rc1 
O-O 28.h3 Bxf3 29.Nxf3 Rd8 30.Ne5 Nc5 31.Nc4 f6 1/2-1/2

[Event "Tournoi du Cavalier "]
[Site "Cap d'Agde FRA"]
[Date "2008.10.25"]
[Round "1.3"]
[White "Mora, Pascal"]
[Black "Ringuet, Noe"]
[Result "1-0"]
[WhiteElo "2096"]
[BlackElo "1860"]
[PlyCount "87"]

1.e4 d6 2.d4 Nf6 3.Bd3 Nbd7 4.f4 g6 5.Nf3 Bg7 6.O-O O-O 7.Qe1 e5 8.c3 Re8 
9.fxe5 dxe5 10.Qh4 c5 11.d5 a6 12.a4 c4 13.Bxc4 Nc5 14.Re1 Bd7 15.a5 b5 
16.axb6 Qxb6 17.Kh1 Bb5 18.Na3 Rac8 19.Be3 Qb8 20.Bxb5 axb5 21.Bg5 Nfd7 
22.Nc2 Nd3 23.Re2 Nxb2 24.Nb4 Na4 25.Nc6 Qd6 26.Ne7+ Rxe7 27.Bxe7 Qb6 28.
Bb4 Ndc5 29.Rf1 h6 30.h3 Nd3 31.Nh2 Nf4 32.Rd2 Qe3 33.Qe1 Qb6 34.Qf2 Qc7 
35.Qe3 Nb6 36.Ra2 Nc4 37.Qa7 Qd8 38.g3 Nxh3 39.Qxf7+ Kh7 40.Ra7 Qh8 41.Ng4
h5 42.Rf6 hxg4 43.Qxg6+ Kg8 44.Qf7+ 1-0

[Event "Tournoi du Cavalier"]
[Site "Cap d'Agde FRA"]
[Date "2008.10.25"]
[Round "1.9"]
[White "Dujardin, Franck"]
[Black "Pierlot, Philippe"]
[Result "1-0"]
[WhiteElo "2062"]
[BlackElo "1850"]
[EventDate "2008.??.??"]
[PlyCount "99"]

1.e4 d5 2.exd5 Qxd5 3.Nc3 Qa5 4.d4 c6 5.Bc4 Nf6 6.h3 Bf5 7.Nf3 e6 8.Bd2 
Bb4 9.a3 Bxc3 10.Bxc3 Qc7 11.Qe2 Nbd7 12.Bd3 Bxd3 13.Qxd3 O-O-O 14.b4 Nd5 
15.Bd2 Nf4 16.Qe4 Nxg2+ 17.Kf1 Nf6 18.Qe5 Qxe5 19.Nxe5 Rxd4 20.Bc3 Rd5 21.
Kxg2 Ne4 22.Bb2 f6 23.Nf3 Rhd8 24.Rhe1 f5 25.Re3 g5 26.Ne5 Rd2 27.Rf1 Rxc2
28.Bc1 Nxf2 29.Rxf2 Rxc1 30.Nf7 Rf8 31.Nxg5 Rg8 32.Rg3 Kd7 33.Nxh7 Rxg3+ 
34.Kxg3 Rc3+ 35.Rf3 Rxf3+ 36.Kxf3 Ke7 37.Kf4 b6 38.Ke5 c5 39.bxc5 b5 40.
Ng5 a5 41.Nxe6 b4 42.axb4 a4 43.Nd4 a3 44.Nb3 Kd7 45.h4 Kc6 46.h5 Kb5 47.
h6 Kxb4 48.h7 Kxb3 49.h8=Q Kb2 50.Kxf5+ 1-0

[Event "Tournoi du Cavalier"]
[Site "Cap d'Agde FRA"]
[Date "2008.10.25"]
[Round "1.8"]
[White "Domelevo Entfellner, Jean-Baka"]
[Black "Charvin, Olivier"]
[Result "1/2-1/2"]
[WhiteElo "1852"]
[BlackElo "2066"]
[EventDate "2008.??.??"]
[PlyCount "67"]

1.d4 d5 2.c4 e6 3.Nc3 c5 4.Nf3 cxd4 5.Nxd4 e5 6.Nf3 d4 7.Nd5 Nc6 8.e3 Be6 
9.e4 f5 10.Bd3 fxe4 11.Bxe4 Nf6 12.Bg5 Bd6 13.O-O O-O 14.a3 Qd7 15.Nd2 
Nxe4 16.Nxe4 Bb8 17.Nc5 Qf7 18.Nxe6 Qxe6 19.Rc1 e4 20.b4 Qe5 21.Bf4 Rxf4 
22.Nxf4 Qxf4 23.g3 Qf6 24.Qg4 Bc7 25.Qxe4 Rd8 26.Rfd1 h6 27.f4 Kf8 28.b5 
Na5 29.Rd3 b6 30.Rf3 Re8 31.Qd3 Bd6 32.Kf1 Nb7 33.Rd1 Bc5 34.h3 1/2-1/2

[Event "Tournoi du Cavalier"]
[Site "Cap d'Agde FRA"]
[Date "2008.10.25"]
[Round "1.7"]
[White "Carre, Sylvain"]
[Black "Dauphin, Thomas"]
[Result "0-1"]
[WhiteElo "2069"]
[BlackElo "1852"]
[EventDate "2008.??.??"]
[PlyCount "118"]

1.c4 e6 2.d4 f5 3.Nf3 Nf6 4.Nc3 d5 5.cxd5 exd5 6.Bg5 c6 7.e3 Bd6 8.Bd3 O-O
9.Qc2 g6 10.Ne5 Nbd7 11.f4 Qe8 12.Bh4 Rf7 13.Nxf7 Kxf7 14.Be2 Qxe3 15.Qd2 
Qxd2+ 16.Kxd2 Ng8 17.Bg5 h6 18.Bh4 Bxf4+ 19.Kc2 g5 20.Bf2 Ndf6 21.g3 Bc7 
22.Rae1 Ne4 23.Be3 Ngf6 24.Rhf1 Be6 25.Bf3 Kg6 26.Bc1 Rh8 27.b4 h5 28.Re2 
h4 29.gxh4 Rxh4 30.Rg1 Bxh2 31.Nxe4 Bxg1 32.Nxg5 Bc8 33.Rg2 Bxd4 34.Ne4+ 
Ng4 35.Nd6 Be6 36.Nxb7 Kf6 37.Na5 Bd7 38.Nb3 Ne3+ 39.Bxe3 Bxe3 40.b5 Rc4+ 
41.Kd1 d4 42.bxc6 Bxc6 43.Bxc6 Rxc6 44.Rg8 Ke5 45.Ke2 Rc2+ 46.Kd3 Rc3+ 47.
Ke2 Kf4 48.Rd8 Rc2+ 49.Ke1 Ke4 50.a4 Kd3 51.a5 Rc6 52.a6 f4 53.Rd7 Kc3 54.
Rxa7 Kxb3 55.Rb7+ Kc3 56.a7 Ra6 57.Rf7 Ra1+ 58.Ke2 d3+ 59.Kf3 Rxa7 0-1

[Event "Tournoi du Cavalier "]
[Site "Cap d'Agde FRA"]
[Date "2008.10.25"]
[Round "1.6"]
[White "Blondel, Jerome"]
[Black "Duarte, Eddy-Emerson"]
[Result "1-0"]
[WhiteElo "1852"]
[BlackElo "2073"]
[EventDate "2008.??.??"]
[PlyCount "91"]

1.c4 d5 2.cxd5 Qxd5 3.Nc3 Qa5 4.Nf3 e6 5.g3 Be7 6.Bg2 c6 7.O-O h5 8.h4 g5 
9.d4 gxh4 10.gxh4 Qf5 11.e4 Qg4 12.Kh2 e5 13.Nxe5 Qxh4+ 14.Kg1 Nf6 15.f3 
Rg8 16.Qe1 Nfd7 17.Qxh4 Bxh4 18.Nc4 Nb6 19.Nd6+ Ke7 20.Nxc8+ Nxc8 21.Bf4 
Nb6 22.Kh2 Na6 23.Rad1 Rad8 24.Bh3 Bf6 25.e5 Bh4 26.Ne4 Nd5 27.Bc1 f6 28.
f4 Ndb4 29.a3 Nd5 30.Rg1 fxe5 31.dxe5 Rdf8 32.f5 Kd8 33.Bh6 Re8 34.Rxg8 
Rxg8 35.f6 Rh8 36.Bg7 Rh7 37.e6 Bxf6 38.Bxf6+ Kc7 39.Be5+ Kb6 40.Nf6 Nxf6 
41.Bxf6 Nc7 42.Bd8 Kc5 43.Bxc7 Rxc7 44.Rd7 Rc8 45.e7 Re8 46.Be6 1-0

[Event "Tournoi du Cavalier "]
[Site "Cap d'Agde FRA"]
[Date "2008.10.25"]
[Round "1.5"]
[White "Savoya, Alexandre"]
[Black "Rachid, Danial"]
[Result "0-1"]
[WhiteElo "2078"]
[BlackElo "1853"]
[PlyCount "62"]

1.c4 e5 2.Nc3 Nf6 3.g3 Bc5 4.Bg2 Nc6 5.e3 O-O 6.Nge2 d6 7.Na4 Bg4 8.f3 Bh5
9.a3 a5 10.Nxc5 dxc5 11.Nc3 e4 12.g4 exf3 13.Bxf3 Nxg4 14.O-O Qh4 15.Bxg4 
Bxg4 16.Qe1 Qxe1 17.Rxe1 Ne5 18.Rf1 Bh3 19.Rf4 g5 20.Rf2 Nxc4 21.Ne4 h6 
22.Nxc5 b6 23.Ne4 f5 24.Nc3 Rae8 25.b3 Ne5 26.a4 Nd3 27.Ba3 Rf7 28.Re2 f4 
29.exf4 Rxe2 30.Nxe2 gxf4 31.Kh1 Rg7 0-1

[Event "Tournoi du Cavalier Cap d'Agde 2008"]
[Site "Cap d'Agde FRA"]
[Date "2008.10.25"]
[Round "1.2"]
[White "Ignjatovic, Miroslav"]
[Black "Farnault, Eric"]
[Result "0-1"]
[WhiteElo "1860"]
[BlackElo "2096"]
[EventDate "2008.??.??"]
[Annotator ",Joelle"]
[PlyCount "44"]

1.e4 d5 2.exd5 Qxd5 3.Nc3 Qd8 4.d4 g6 5.Bf4 Bg7 6.Be5 Nf6 7.Qf3 O-O 8.h3 
c6 9.O-O-O Qa5 10.Bc4 Nbd7 11.Bf4 Nb6 12.Bb3 Nbd5 13.Bd2 Nxc3 14.Bxc3 Qc7 
15.Bd2 a5 16.Bf4 Qd8 17.Be5 a4 18.Bc4 Bf5 19.Bd3 Be6 20.c4 h5 21.Qe2 Qa5 
22.Nf3 a3 {(suite illisible)} 0-1

[Event "Tournoi du Cavalier "]
[Site "Cap d'Agde FRA"]
[Date "2008.10.25"]
[Round "1.1"]
[White "Santamaria, Jorge"]
[Black "Cazottes, Guillaume"]
[Result "1-0"]
[WhiteElo "2107"]
[BlackElo "1861"]
[PlyCount "59"]

1.c4 e5 2.Nc3 Nc6 3.g3 Bb4 4.Bg2 Bxc3 5.bxc3 f5 6.d4 d6 7.Bxc6+ bxc6 8.
dxe5 dxe5 9.Qxd8+ Kxd8 10.Nf3 e4 11.Ne5 Ke8 12.Nxc6 Ne7 13.Nd4 Kf7 14.Bf4 
Ba6 15.Nb5 Bxb5 16.cxb5 Nd5 17.Be5 Rhe8 18.Bd4 Nb6 19.O-O Nc4 20.a4 a5 21.
Rfd1 Rad8 22.Kf1 g5 23.Be3 h6 24.Rd4 Rxd4 25.cxd4 Nb6 26.Rc1 Re7 27.Bd2 
Nxa4 28.Bxa5 Ke6 29.Bxc7 Kd7 30.b6 1-0

[Event "Tournoi du Cavalier Cap d'Agde 2008"]
[Site "Cap d'Agde FRA"]
[Date "2008.10.26"]
[Round "2.10"]
[White "Penalver, Marion"]
[Black "Andre, Damien"]
[Result "0-1"]
[WhiteElo "1877"]
[BlackElo "2006"]
[EventDate "2008.??.??"]
[PlyCount "94"]

1.e4 c5 2.Nf3 e6 3.d4 cxd4 4.Nxd4 Nf6 5.Bg5 Qa5+ 6.Bd2 Qb6 7.Nb3 Nxe4 8.
Be3 Qc7 9.Bd3 Nf6 10.O-O d5 11.Nc3 a6 12.Re1 Bd6 13.h3 O-O 14.Bg5 Nbd7 15.
Nd4 Be5 16.Nce2 Nc5 17.c3 Nfe4 18.Nf3 Nxg5 19.Nxg5 h6 20.Nf3 Bf6 21.Bc2 
Rd8 22.Ng3 g6 23.Qe2 Kg7 24.Nh2 h5 25.Nf3 Bd7 26.Rad1 Qf4 27.Nd4 e5 28.Nf3
Bb5 29.Qd2 Qxd2 30.Rxd2 e4 31.Nd4 Bxd4 32.Rxd4 Ne6 33.Rd2 Nf4 34.Red1 h4 
35.Nf1 Be2 36.Re1 Bd3 37.Bb3 d4 38.cxd4 Rxd4 39.Red1 Rb4 40.Ne3 Rc8 41.f3 
Be2 42.Re1 exf3 43.gxf3 Bxf3 44.Rd7 Nxh3+ 45.Kh2 Ng5 46.Rg1 Kh6 47.Rf1 Re8
0-1

[Event "Tournoi du Cavalier Cap d'Agde 2008"]
[Site "Cap d'Agde FRA"]
[Date "2008.10.26"]
[Round "2.9"]
[White "Fageot, Julien"]
[Black "Zerbib, Claude"]
[Result "1-0"]
[WhiteElo "2022"]
[BlackElo "1878"]
[EventDate "2008.??.??"]
[PlyCount "83"]

1.c4 g6 2.g3 Bg7 3.Bg2 e6 4.Nc3 Ne7 5.e4 d6 6.d4 Nd7 7.Nge2 Rb8 8.Be3 b6 
9.O-O Bb7 10.Qd2 h6 11.Rac1 Kf8 12.d5 e5 13.f4 Nf6 14.fxe5 dxe5 15.h3 Kg8 
16.Rf2 Ne8 17.g4 Nd6 18.Nb5 Nec8 19.Nxd6 cxd6 20.Rcf1 f6 21.Ng3 Kh7 22.Rc1
Ne7 23.b4 Qd7 24.c5 dxc5 25.bxc5 bxc5 26.Bxc5 Rbc8 27.Qb4 Rhe8 28.Bf1 Bxd5
29.Rd1 Nc6 30.Qa4 Nb8 31.Bb5 Qc7 32.Rxd5 Red8 33.Rfd2 Rxd5 34.Rxd5 Bf8 35.
Be3 Qc3 36.Bf2 Bc5 37.Rxc5 Rxc5 38.Qxa7+ Rc7 39.Qxb8 Qa5 40.a4 Rc1+ 41.Kg2
Rc2 42.Qd6 1-0

[Event "Tournoi du Cavalier Cap d'Agde 2008"]
[Site "Cap d'Agde FRA"]
[Date "2008.10.26"]
[Round "2.8"]
[White "Ternault, Mathieu"]
[Black "Fournier, Camille"]
[Result "1/2-1/2"]
[WhiteElo "1878"]
[BlackElo "2030"]
[EventDate "2008.??.??"]
[PlyCount "85"]

1.d4 Nf6 2.Nf3 d5 3.c4 e6 4.Bg5 Be7 5.Nc3 O-O 6.e3 h6 7.Bxf6 Bxf6 8.Qc2 b6
9.cxd5 exd5 10.Bd3 Be6 11.Ne2 Nd7 12.Qc6 Rc8 13.Rc1 Nb8 14.Qb7 c5 15.Qxa7 
Nc6 16.Qa4 Nb4 17.Bb1 Qd6 18.a3 Nc6 19.O-O c4 20.Nf4 g6 21.Nxe6 Qxe6 22.
Qc2 b5 23.Rfe1 Rfe8 24.Qd2 Kg7 25.h3 Qd6 26.Nh2 Bd8 27.Red1 Bc7 28.Nf1 f5 
29.Ng3 Qf6 30.Bxf5 Rb8 31.Bd7 Rf8 32.Bxc6 Qxc6 33.Qe2 Rf7 34.Qg4 Rbf8 35.
Rc2 Qd6 36.Nf1 b4 37.axb4 h5 38.Qg5 Rf5 39.Qg3 Qe7 40.f4 Qxb4 41.Qf3 Qb3 
42.Rdc1 h4 43.Qg4 1/2-1/2

[Event "Tournoi du Cavalier Cap d'Agde 2008"]
[Site "Cap d'Agde FRA"]
[Date "2008.10.26"]
[Round "2.7"]
[White "Houriez, Alain"]
[Black "Hauseux, Paul"]
[Result "0-1"]
[WhiteElo "2049"]
[BlackElo "1882"]
[EventDate "2008.??.??"]
[PlyCount "66"]

1.Nf3 Nf6 2.g3 c5 3.Bg2 Nc6 4.c4 d6 5.Nc3 Bd7 6.O-O e6 7.e4 e5 8.d3 Qc8 9.
Nd5 Nxd5 10.exd5 Nd4 11.Nxd4 cxd4 12.f4 Bh3 13.fxe5 Bxg2 14.Kxg2 dxe5 15.
Qa4+ Ke7 16.Bd2 f6 17.Rae1 h5 18.Bb4+ Kf7 19.Rxe5 h4 20.Re6 hxg3 21.hxg3 
Bxb4 22.Qxb4 Qd7 23.Rfe1 Rae8 24.Qc5 Qa4 25.Qxd4 Qc2+ 26.Kf3 Rh2 27.Qe3 
Qg2+ 28.Kf4 g5+ 29.Kf5 Qh3+ 30.Ke4 Qg4+ 31.Qf4 gxf4 32.Kd4 fxg3+ 33.R1e4 
Qxe4+ 0-1

[Event "Tournoi du Cavalier Cap d'Agde 2008"]
[Site "Cap d'Agde FRA"]
[Date "2008.10.26"]
[Round "2.6"]
[White "Nefzaoui, Rabah"]
[Black "Schott, Raimund"]
[Result "0-1"]
[WhiteElo "1880"]
[BlackElo "2053"]
[EventDate "2008.??.??"]
[PlyCount "38"]

1.e4 c5 2.f4 e6 3.Nf3 d5 4.e5 Nc6 5.Bb5 Qb6 6.Bxc6+ bxc6 7.O-O c4+ 8.Kh1 
Be7 9.b3 Ba6 10.Re1 Nh6 11.h3 Nf5 12.Nc3 Qf2 13.bxc4 Bxc4 14.d3 Ba6 15.Ne2
O-O 16.Rf1 Qxe2 17.Qxe2 Ng3+ 18.Kh2 Nxe2 19.Bd2 c5 0-1